| 000 | 01691nam a22004217a 4500 | ||
|---|---|---|---|
| 003 | CHAP | ||
| 005 | 20220329134856.0 | ||
| 008 | 971013s1934 es a r 00010 spa d | ||
| 010 | _a27323 | ||
| 011 | _a28295 | ||
| 035 | _a32398 | ||
| 040 | _cCHAP | ||
| 082 | 0 | 4 |
_a581.634 _bG55 1934 |
| 100 | 0 | 0 |
_aGilg, Ernest Friederich. _947999 |
| 245 | 1 | _aBotánica aplicada a la farmacia | |
| 250 | _a2 ed. | ||
| 260 |
_aBarcelona : _bLabor, _c1934 |
||
| 300 |
_a484 p. _b: ilus |
||
| 500 | _ac.5-14 t. varía: curso de botánica general y aplicada | ||
| 590 |
_aBATCH-UPD _b10 _c20130110 _lUCH01 _h1135 |
||
| 590 |
_aBATCH-UPD _b10 _c20130410 _lUCH01 _h0722 |
||
| 590 |
_aBATCH-UPD _b10 _c20130914 _lUCH01 _h0740 |
||
| 590 |
_aCONVERSION _b10 _c20130109 _lUCH01 _h1316 |
||
| 650 | 1 | 4 |
_aBotánica médica. _914680 |
| 700 | 0 |
_aSchurhoff, P. N. _9103249 |
|
| 901 | _aBK | ||
| 942 | _cLIBRO | ||
| 949 |
_a581.634 G55 1934 _bBC _cBPA _d-83558 _eBPA _fc.6 _h37114 _i32398 _si |
||
| 949 |
_a581.634 G55 1934 _bBC _cBPA _d-83560 _eBPA _fc.8 _h37116 _i32398 _si |
||
| 949 |
_a581.634 G55 1934 _bBC _cBPA _d-83562 _eBPA _fc.10 _h37118 _i32398 _si |
||
| 949 |
_a581.634 G55 1934 _bBC _cBPA _d-83563 _eBPA _fc.11 _h37119 _i32398 _si |
||
| 949 |
_a581.634 G55 1934 _bBC _cBPA _d-83564 _eBPA _fc.12 _h37120 _i32398 _si |
||
| 949 |
_a581.634 G55 1934 _bBC _cBPA _d-83565 _eBPA _fc.13 _h37121 _i32398 _si |
||
| 949 |
_a581.634 G55 1934 _bBC _cLIBRO _d33724000749255 _eLIBRO _fc.2 _h9610 _i32398 _si |
||
| 949 |
_a581.634 G55 1934 _bBC _cLIBRO _d33724000749263 _eLIBRO _fc.3 _h16567 _i32398 _si |
||
| 949 |
_a581.634 G55 1934 _bBC _cLIBRO _d33724000789020 _eLIBRO _h9609 _i32398 _so |
||
| 949 |
_a581.634 G55 1934 _bBC _cLIBRO _d33724000936134 _eLIBRO _fc.7 _h37115 _i32398 _so |
||
| 999 |
_c27323 _d27323 |
||